|
|
|
|
| LEADER |
01125nam a22002897a 4500 |
| 001 |
28553 |
| 003 |
BD-DhAAL |
| 005 |
20141107112129.0 |
| 008 |
141107r20021999ii 000 0 eng |
| 010 |
|
|
|a 00403545
|
| 020 |
|
|
|a 014100245X
|
| 020 |
|
|
|a 0670899917
|
| 040 |
|
|
|a DLC
|c DLC
|d BD-DhAAL
|
| 050 |
0 |
0 |
|a MLCM 2001/02987 (P)
|a PR9499.3.N3
|
| 082 |
0 |
4 |
|2 21
|a 823.912
|
| 100 |
1 |
|
|a Narayan, R. K.,
|d 1906-2001.
|9 5937
|
| 245 |
1 |
0 |
|a Memories of Malgudi /
|c R.K. Narayan ; edited with an introduction by S. Krishnan.
|
| 260 |
|
|
|a New Delhi ;
|a New York, NY :
|b Viking,
|c c1999 [2000]
|
| 300 |
|
|
|a xv, 779 p. ;
|c 23 cm.
|
| 500 |
|
|
|a Novels.
|
| 505 |
0 |
|
|a The dark room -- The English teacher -- Waiting for the Mahatma -- The guide -- The world of Nagaraj.
|
| 541 |
|
|
|e 28533
|
| 650 |
|
0 |
|a Malgudi (India : Imaginary place)
|x Fiction.
|9 5938
|
| 700 |
1 |
|
|a Krishnan, S.,
|d 1925-
|9 5939
|
| 942 |
|
|
|2 ddc
|c BK
|
| 999 |
|
|
|c 33010
|d 33010
|
| 952 |
|
|
|0 0
|1 0
|2 ddc
|4 0
|6 823_912000000000000_NAR
|7 0
|9 43989
|a BRACUL
|b BRACUL
|c GEN
|d 2014-11-07
|e Paragon Enterprises Ltd.
|g 584.00
|l 4
|m 4
|o 823.912 NAR
|p 3010028533
|r 2024-09-03
|s 2024-07-08
|t 1
|w 2014-11-07
|y BK
|